00733pam a2200241 a 450000100070000000500170000700800410002401000170006502000150008203500210009704000180011804100080013608000170014408200210016110000060018210100080018824500510019650400540024790600450030194200120034699900170035895201160037572886620180302072702.0981229s1999 ilua b 000 0 eng  a 98052218  a0736000089 a(DLC) 98052218 aDLCcDLCdDLC aeng a796.42 GER00a796.42 GER2211 a8 aEKZ10aFundamentals of track and field /cGerry Carr. aIncludes bibliographical references (p. 283-284). a7bcbccorignewd1eocipf19gy-gencatlg 2ddccBK c44049d44049 00102udc40708PËKGa002b002cPËKGd2018-03-02l0o796.42 GERp002-3000540r2018-03-02w2018-03-02yBK